[Event "British Columbia-ch U20"]
[Site "Vancouver CAN"]
[Date "2011.11.12"]
[Round "1.2"]
[White "Cao, Jason"]
[Black "Herdin, Matthew"]
[Result "1-0"]
[WhiteElo "2064"]
[BlackElo "1746"]
[PlyCount "189"]
[GameId "2160767909573590"]
[EventDate "2011.11.12"]
[EventType "swiss"]
[EventRounds "5"]
[EventCountry "CAN"]
[SourceTitle "EXT 2022"]
[Source "ChessBase"]
[SourceDate "2021.10.06"]
[SourceVersion "1"]
[SourceVersionDate "2021.10.06"]
[SourceQuality "1"]

1. e4 d6 2. d4 Nf6 3. Nc3 g6 4. Nf3 Bg7 5. Be2 O-O 6. O-O c6 7. Be3 Qc7 8. h3 b6 9. Qd2 Rd8 10. Rad1 Ba6 11. Bxa6 Nxa6 12. Bh6 e5 13. Qg5 Bxh6 14. Qxh6 exd4 15. Rxd4 Nc5 16. Ng5 Ne6 17. Nxe6 fxe6 18. f4 Qg7 19. Qh4 Nd5 20. Rd3 Nxc3 21. bxc3 d5 22. f5 exf5 23. exf5 Rf8 24. f6 Qf7 25. Rdf3 Rae8 26. Qh6 Re4 27. h4 Rfe8 28. Rg3 Re1 29. Rgf3 Rxf1+ 30. Rxf1 Re5 31. g4 Re4 32. Qg5 h6 33. Qxh6 Rxg4+ 34. Kh1 d4 35. Rf3 c5 36. Kh2 dxc3 37. Re3 Qf8 38. Re8 Rxh4+ 39. Qxh4 Qxe8 40. Qc4+ Qf7 41. Qxc3 Qxa2 42. Qd3 Kf7 43. Qd7+ Kxf6 44. Qd8+ Kg7 45. Qe7+ Qf7 46. Qe5+ Kh7 47. Kg1 Qg7 48. Qh2+ Qh6 49. Qc7+ Kg8 50. Qd8+ Qf8 51. Qd5+ Qf7 52. Qd8+ Kg7 53. Qd6 Qf6 54. Qd7+ Kh8 55. Qe8+ Kh7 56. Qd7+ Qg7 57. Qh3+ Kg8 58. Qc8+ Kf7 59. Qd7+ Kf6 60. Qd6+ Kf5 61. Qd3+ Ke6 62. Qh3+ Kd6 63. Qg3+ Kd5 64. Qf3+ Kd6 65. Qg3+ Kc6 66. Qf3+ Kc7 67. Qf4+ Kb7 68. Qe4+ Kb8 69. Qf4+ Kc8 70. Qg4+ Kd8 71. Qg5+ Kc8 72. Qg4+ Qd7 73. Qxg6 Qd1+ 74. Kf2 Qd2+ 75. Kf1 Qf4+ 76. Ke1 Qe3+ 77. Kd1 c4 78. Qc6+ Kb8 79. Qxc4 Qc5 80. Qg8+ Kb7 81. Qf7+ Qc7 82. Qd5+ Qc6 83. Qf7+ Kb8 84. Qg8+ Kc7 85. Kc1 b5 86. Qf7+ Kb6 87. Qf2+ Ka6 88. Qe3 Qh1+ 89. Kb2 Qh8+ 90. Kb1 Qh1+ 91. Kb2 Qd5 92. Qa3+ Kb6 93. Qe3+ Ka5 94. Qxa7+ Kb4 95. Qa3+ 1-0

[Event "British Columbia-ch U20"]
[Site "Vancouver CAN"]
[Date "2011.11.12"]
[Round "1.3"]
[White "Lee, Andrew"]
[Black "Doknjas, John"]
[Result "0-1"]
[WhiteElo "1639"]
[BlackElo "2036"]
[PlyCount "76"]
[GameId "2160767909573591"]
[EventDate "2011.11.12"]
[EventType "swiss"]
[EventRounds "5"]
[EventCountry "CAN"]
[SourceTitle "EXT 2022"]
[Source "ChessBase"]
[SourceDate "2021.10.06"]
[SourceVersion "1"]
[SourceVersionDate "2021.10.06"]
[SourceQuality "1"]

1. e4 c5 2. Nf3 d6 3. d4 cxd4 4. Nxd4 Nf6 5. Nc3 a6 6. Be2 e5 7. Nb3 Be7 8. Be3 Be6 9. Qd2 O-O 10. O-O-O Nbd7 11. f4 b5 12. f5 Bxb3 13. axb3 b4 14. Nd5 Nxd5 15. Qxd5 Nf6 16. Qd3 a5 17. g4 Ne8 18. Qd2 a4 19. g5 axb3 20. cxb3 Qa5 21. g6 fxg6 22. fxg6 Nf6 23. gxh7+ Kxh7 24. Bc4 Rfc8 25. Qg2 Rxc4+ 26. bxc4 b3 27. Qh3+ Kg8 28. Qe6+ Kf8 29. Rhg1 Qa1+ 30. Kd2 Qxb2+ 31. Ke1 Ra2 32. Bd2 Qd4 33. Ke2 Qxe4+ 34. Kf2 Qd4+ 35. Ke2 Rxd2+ 36. Rxd2 Qxg1 37. Kd3 e4+ 38. Kc3 Qc1+ 0-1

[Event "British Columbia-ch U20"]
[Site "Vancouver CAN"]
[Date "2011.11.12"]
[Round "1.4"]
[White "Lo, Ryan"]
[Black "Han, Lionel"]
[Result "1-0"]
[WhiteElo "2018"]
[BlackElo "1557"]
[PlyCount "117"]
[GameId "2160767909573592"]
[EventDate "2011.11.12"]
[EventType "swiss"]
[EventRounds "5"]
[EventCountry "CAN"]
[SourceTitle "EXT 2022"]
[Source "ChessBase"]
[SourceDate "2021.10.06"]
[SourceVersion "1"]
[SourceVersionDate "2021.10.06"]
[SourceQuality "1"]

1. d4 d5 2. c4 e6 3. Nc3 Nf6 4. cxd5 exd5 5. Bg5 c6 6. e3 Bd6 7. Bd3 Be6 8. Nge2 Nbd7 9. Qc2 O-O 10. Bxh7+ Kh8 11. Bf5 Qc7 12. Bf4 Rae8 13. O-O Nb6 14. Rac1 a6 15. b3 Qd7 16. Bxe6 fxe6 17. Bxd6 Qxd6 18. Nf4 Kg8 19. Nce2 Nbd7 20. Ng6 Rf7 21. Nef4 e5 22. dxe5 Nxe5 23. Qc5 Qb8 24. h3 Ne4 25. Qd4 Rf5 26. Nxe5 Rexe5 27. g4 Rg5 28. Ne2 Re7 29. Kg2 Rg6 30. f3 Ng5 31. Nf4 Rf6 32. b4 Qe8 33. Rc3 Nf7 34. Nh5 Rg6 35. Ng3 Nd6 36. a4 Re5 37. Re1 Nc4 38. e4 Nd6 39. f4 Re7 40. e5 Rge6 41. exd6 Rxe1 42. dxe7 Qxe7 43. b5 Rb1 44. Re3 Qd7 45. Nf5 c5 46. Re7 cxd4 47. Rxd7 axb5 48. axb5 d3 49. Rxd5 Rb2+ 50. Kf3 Rb3 51. Ke3 g6 52. Nd6 d2+ 53. Kxd2 Rxh3 54. Nxb7 Rb3 55. Na5 Rb4 56. Ke3 Kf7 57. Nc6 Rb3+ 58. Ke4 Ke6 59. Nd4+ 1-0

[Event "British Columbia-ch U20"]
[Site "Vancouver CAN"]
[Date "2011.11.12"]
[Round "1.5"]
[White "Doknjas, Joshua"]
[Black "Cheng, Jack"]
[Result "0-1"]
[WhiteElo "1538"]
[BlackElo "2009"]
[PlyCount "72"]
[GameId "2160767909573593"]
[EventDate "2011.11.12"]
[EventType "swiss"]
[EventRounds "5"]
[EventCountry "CAN"]
[SourceTitle "EXT 2022"]
[Source "ChessBase"]
[SourceDate "2021.10.06"]
[SourceVersion "1"]
[SourceVersionDate "2021.10.06"]
[SourceQuality "1"]

1. e4 e5 2. Nf3 Nc6 3. d4 exd4 4. Nxd4 Nf6 5. Nc3 Bb4 6. Nxc6 bxc6 7. Bd3 d5 8. exd5 cxd5 9. O-O O-O 10. Bg5 c6 11. a3 Bd6 12. Ne2 Rb8 13. Bxf6 Qxf6 14. b3 Be5 15. Rb1 Bg4 16. h3 Bd7 17. Qd2 Rfe8 18. c3 h6 19. f4 Bd6 20. b4 Re7 21. Rf3 Rbe8 22. g4 Qh4 23. Kg2 h5 24. g5 Bxh3+ 25. Rxh3 Qg4+ 26. Ng3 Bxf4 27. Qf2 h4 28. Qf3 Qxf3+ 29. Kxf3 Bxg3 30. Kg2 Re3 31. Rd1 R8e5 32. g6 fxg6 33. c4 d4 34. Bxg6 Re2+ 35. Kf3 Rf2+ 36. Kg4 Rf4# 0-1

[Event "British Columbia-ch U20"]
[Site "Vancouver CAN"]
[Date "2011.11.12"]
[Round "1.6"]
[White "Hui, Jeremy"]
[Black "Pulfer, Luke"]
[Result "1-0"]
[WhiteElo "1848"]
[BlackElo "1429"]
[PlyCount "95"]
[GameId "2160767909573594"]
[EventDate "2011.11.12"]
[EventType "swiss"]
[EventRounds "5"]
[EventCountry "CAN"]
[SourceTitle "EXT 2022"]
[Source "ChessBase"]
[SourceDate "2021.10.06"]
[SourceVersion "1"]
[SourceVersionDate "2021.10.06"]
[SourceQuality "1"]

1. e4 e5 2. Nf3 Nc6 3. Bc4 Nf6 4. Ng5 d5 5. exd5 Na5 6. Bb5+ c6 7. dxc6 bxc6 8. Qf3 Rb8 9. Bd3 Bg4 10. Qe3 Bd6 11. Ne4 Nxe4 12. Bxe4 O-O 13. O-O f5 14. Bf3 f4 15. Qd3 Be6 16. b3 Bf5 17. Be4 g6 18. Bb2 Qe7 19. Nc3 Rbd8 20. Qe2 Qg5 21. a3 Bxe4 22. Nxe4 Qf5 23. f3 Bb8 24. Bc3 Nb7 25. Qc4+ Kh8 26. Qxc6 Nd6 27. Rfe1 Rfe8 28. Nxd6 Bxd6 29. Re4 Re6 30. Rae1 Rde8 31. Qd5 g5 32. d4 h6 33. a4 Kh7 34. dxe5 Bc7 35. Qd3 Kh8 36. Rc4 Qxd3 37. cxd3 Bxe5 38. Bxe5+ Rxe5 39. Ree4 a5 40. Kf2 Kg7 41. Ke2 Kg6 42. Kd2 Kf5 43. Rxe5+ Rxe5 44. d4 Rd5 45. Rc5 Ke6 46. Rxd5 Kxd5 47. Kd3 g4 48. fxg4 1-0

[Event "British Columbia-ch U20"]
[Site "Vancouver CAN"]
[Date "2011.11.12"]
[Round "2.2"]
[White "Cheng, Jack"]
[Black "Cao, Jason"]
[Result "0-1"]
[WhiteElo "2009"]
[BlackElo "2064"]
[PlyCount "98"]
[GameId "2160767909573596"]
[EventDate "2011.11.12"]
[EventType "swiss"]
[EventRounds "5"]
[EventCountry "CAN"]
[SourceTitle "EXT 2022"]
[Source "ChessBase"]
[SourceDate "2021.10.06"]
[SourceVersion "1"]
[SourceVersionDate "2021.10.06"]
[SourceQuality "1"]

1. e4 c5 2. Nf3 d6 3. d4 cxd4 4. Nxd4 Nf6 5. Nc3 a6 6. Be2 e5 7. Nb3 Be7 8. Bg5 Nbd7 9. a4 h6 10. Bh4 b6 11. Bxf6 Nxf6 12. Bc4 Bb7 13. Qd3 O-O 14. Nd2 Qc7 15. O-O Rfc8 16. Nd5 Nxd5 17. exd5 Bg5 18. Bb3 f5 19. Nc4 Qc5 20. Qxf5 Bxd5 21. Nxd6 Bxb3 22. Nxc8 Bf7 23. Nxb6 Qxb6 24. Qxe5 Bf6 25. Qf5 Qxb2 26. Rab1 Qd4 27. a5 Rd8 28. h3 Qd5 29. Qf4 Qxa5 30. Rb7 Qd5 31. Qc7 Qc4 32. Qb6 Qxc2 33. Rc7 Qa2 34. Qb7 a5 35. Rfc1 Qd5 36. Qa6 Ra8 37. Qe2 a4 38. Rc8+ Kh7 39. Rxa8 Qxa8 40. Qd3+ Bg6 41. Qa3 Qa6 42. Re1 Qb5 43. Re3 Bb2 44. Qa2 a3 45. g3 Qd7 46. Kg2 Qf7 47. Re6 Be4+ 48. Kg1 Qf3 49. Rxe4 Qxe4 0-1

[Event "British Columbia-ch U20"]
[Site "Vancouver CAN"]
[Date "2011.11.12"]
[Round "2.3"]
[White "Doknjas, John"]
[Black "Hui, Jeremy"]
[Result "1-0"]
[WhiteElo "2036"]
[BlackElo "1848"]
[PlyCount "59"]
[GameId "2160767909573597"]
[EventDate "2011.11.12"]
[EventType "swiss"]
[EventRounds "5"]
[EventCountry "CAN"]
[SourceTitle "EXT 2022"]
[Source "ChessBase"]
[SourceDate "2021.10.06"]
[SourceVersion "1"]
[SourceVersionDate "2021.10.06"]
[SourceQuality "1"]

1. d4 e6 2. c4 Nf6 3. Nc3 Bb4 4. a3 Bxc3+ 5. bxc3 b6 6. f3 Ba6 7. e4 Nc6 8. Bd3 Na5 9. Qe2 Qc8 10. e5 Ng8 11. Bg5 Ne7 12. Bxe7 Kxe7 13. f4 Rd8 14. Nf3 d5 15. cxd5 Bxd3 16. Qxd3 Rxd5 17. Qxh7 Qf8 18. Qe4 c5 19. f5 cxd4 20. cxd4 Rad8 21. fxe6 fxe6 22. O-O Nb3 23. Rad1 Qf5 24. Qh4+ Kd7 25. Nd2 Qc2 26. Nxb3 Qxb3 27. Rc1 Qxa3 28. Rf7+ Ke8 29. Rcf1 Qe3+ 30. Kh1 1-0

[Event "British Columbia-ch U20"]
[Site "Vancouver CAN"]
[Date "2011.11.12"]
[Round "2.4"]
[White "Han, Lionel"]
[Black "Xiao, Alice"]
[Result "1-0"]
[WhiteElo "1557"]
[BlackElo "1777"]
[PlyCount "97"]
[GameId "2160767909573598"]
[EventDate "2011.11.12"]
[EventType "swiss"]
[EventRounds "5"]
[EventCountry "CAN"]
[SourceTitle "EXT 2022"]
[Source "ChessBase"]
[SourceDate "2021.10.06"]
[SourceVersion "1"]
[SourceVersionDate "2021.10.06"]
[SourceQuality "1"]

1. e4 d5 2. exd5 Qxd5 3. Nc3 Qd6 4. Nf3 Nf6 5. d4 c6 6. Bc4 Bg4 7. O-O e6 8. Qd3 Bxf3 9. Qxf3 Qxd4 10. Bb3 Be7 11. Be3 Qd8 12. Rad1 Nbd7 13. Ne4 Nd5 14. Bd4 e5 15. Bc3 O-O 16. Bxd5 cxd5 17. Rxd5 Qc7 18. Rfd1 Rad8 19. Ng3 f6 20. Nf5 Nb6 21. R5d3 g6 22. Qg4 Kh8 23. Nxe7 Qxe7 24. Bb4 Qc7 25. Bxf8 Rxf8 26. Rc3 Qe7 27. Qe2 Qb4 28. Rb3 Qa5 29. Qe1 Qc5 30. Qb4 Qc8 31. Rc3 Qe8 32. Rc7 Rf7 33. Rxf7 Qxf7 34. b3 Kg8 35. Qd6 e4 36. Qb8+ Kg7 37. Qxa7 Nd5 38. Qd4 Nf4 39. Qxe4 Qc7 40. Rd4 Qc3 41. Rd7+ Kh6 42. Qxf4+ g5 43. Qc1 Qc6 44. Rd3 Kg6 45. Qd2 Qa6 46. a4 b5 47. Rd6 Qb7 48. Qd3+ Kh6 49. Rxf6+ 1-0

[Event "British Columbia-ch U20"]
[Site "Vancouver CAN"]
[Date "2011.11.12"]
[Round "2.5"]
[White "Herdin, Matthew"]
[Black "Doknjas, Joshua"]
[Result "1-0"]
[WhiteElo "1746"]
[BlackElo "1538"]
[PlyCount "47"]
[GameId "2160767909573599"]
[EventDate "2011.11.12"]
[EventType "swiss"]
[EventRounds "5"]
[EventCountry "CAN"]
[SourceTitle "EXT 2022"]
[Source "ChessBase"]
[SourceDate "2021.10.06"]
[SourceVersion "1"]
[SourceVersionDate "2021.10.06"]
[SourceQuality "1"]

1. e4 c5 2. Nc3 d6 3. g3 e6 4. Bg2 Nc6 5. Nge2 Nge7 6. O-O g6 7. d4 cxd4 8. Nxd4 Bg7 9. Ndb5 d5 10. exd5 exd5 11. Nxd5 Nxd5 12. Qxd5 O-O 13. Qxd8 Rxd8 14. c3 Bf5 15. Re1 a6 16. Nc7 Rac8 17. Bf4 Be5 18. Rxe5 Nxe5 19. Bxe5 Rb8 20. Nd5 Rbc8 21. Ne7+ Kf8 22. Nxc8 Bxc8 23. Bd4 Re8 24. Kf1 1-0

[Event "British Columbia-ch U20"]
[Site "Vancouver CAN"]
[Date "2011.11.12"]
[Round "2.6"]
[White "Pulfer, Luke"]
[Black "Lee, Andrew"]
[Result "0-1"]
[WhiteElo "1429"]
[BlackElo "1639"]
[PlyCount "140"]
[GameId "2160767909573600"]
[EventDate "2011.11.12"]
[EventType "swiss"]
[EventRounds "5"]
[EventCountry "CAN"]
[SourceTitle "EXT 2022"]
[Source "ChessBase"]
[SourceDate "2021.10.06"]
[SourceVersion "1"]
[SourceVersionDate "2021.10.06"]
[SourceQuality "1"]

1. e4 c5 2. Nf3 d6 3. d4 cxd4 4. Nxd4 Nf6 5. Nc3 a6 6. Be3 e6 7. Be2 Be7 8. O-O O-O 9. Qd2 Qc7 10. Rad1 Nc6 11. f4 Rb8 12. Bf3 b5 13. a3 Bb7 14. Kh1 Na5 15. Be2 Nxe4 16. Nxe4 Bxe4 17. Rc1 Nc4 18. Qc3 Rfc8 19. Bf2 Bf6 20. Bd3 Qb7 21. Bxe4 Qxe4 22. Rce1 Qb7 23. Qd3 Nxb2 24. Qe2 Nc4 25. Qd3 Rc7 26. Rb1 Qc8 27. Rfc1 Nb6 28. Rb3 d5 29. h3 Na4 30. Qd2 Nc5 31. Rf3 Ne4 32. Qe2 Nxf2+ 33. Qxf2 Bxd4 34. Qxd4 Rxc2 35. Rxc2 Qxc2 36. Rc3 Qe4 37. Qxe4 dxe4 38. Kg1 Kf8 39. Kf2 f5 40. Ke3 Rd8 41. Ke2 Kf7 42. Rc6 a5 43. g4 Rd5 44. Rc3 e5 45. Rc7+ Kf6 46. Rc6+ Ke7 47. Rc7+ Rd7 48. Rc5 exf4 49. Rxf5 Rd3 50. Rxf4 Rxa3 51. Rxe4+ Kf6 52. Rf4+ Kg5 53. Rf5+ Kh4 54. Rh5+ Kg3 55. Rxb5 Kxh3 56. g5 Rg3 57. Rxa5 Kh4 58. Ra7 Rxg5 59. Ke3 Rg4 60. Rf7 h5 61. Kf3 g5 62. Rh7 Rg3+ 63. Ke4 Kg4 64. Ke5 h4 65. Ke4 h3 66. Ke5 Rf3 67. Rh6 Kg3 68. Rh5 g4 69. Ke4 Kg2 70. Rg5 g3 0-1

[Event "British Columbia-ch U20"]
[Site "Vancouver CAN"]
[Date "2011.11.12"]
[Round "3.1"]
[White "Cao, Jason"]
[Black "Sohal, Tanraj"]
[Result "1/2-1/2"]
[WhiteElo "2064"]
[BlackElo "2214"]
[PlyCount "70"]
[GameId "2160767909573601"]
[EventDate "2011.11.12"]
[EventType "swiss"]
[EventRounds "5"]
[EventCountry "CAN"]
[SourceTitle "EXT 2022"]
[Source "ChessBase"]
[SourceDate "2021.10.06"]
[SourceVersion "1"]
[SourceVersionDate "2021.10.06"]
[SourceQuality "1"]

1. e4 c5 2. Nf3 Nc6 3. d4 cxd4 4. Nxd4 Nf6 5. Nc3 e6 6. Ndb5 d6 7. Bf4 e5 8. Bg5 a6 9. Na3 b5 10. Nd5 Be7 11. Bxf6 Bxf6 12. c3 Bg5 13. Nc2 Ne7 14. Ncb4 O-O 15. Be2 Bb7 16. O-O Rc8 17. a4 Rc5 18. axb5 axb5 19. Nxe7+ Bxe7 20. Nd5 Bxd5 21. exd5 Qb6 22. Qd2 Qb7 23. Rfd1 Rfc8 24. g3 g6 25. Ra3 Qc7 26. Rda1 Qd7 27. Ra7 R5c7 28. Rxc7 Rxc7 29. Ra8+ Kg7 30. Ra5 Rb7 31. b4 f5 32. c4 bxc4 33. Bxc4 Qc7 34. Bf1 Qb8 35. b5 Bd8 1/2-1/2

[Event "British Columbia-ch U20"]
[Site "Vancouver CAN"]
[Date "2011.11.12"]
[Round "3.2"]
[White "Lo, Ryan"]
[Black "Doknjas, John"]
[Result "1/2-1/2"]
[WhiteElo "2018"]
[BlackElo "2036"]
[PlyCount "77"]
[GameId "2160767909573602"]
[EventDate "2011.11.12"]
[EventType "swiss"]
[EventRounds "5"]
[EventCountry "CAN"]
[SourceTitle "EXT 2022"]
[Source "ChessBase"]
[SourceDate "2021.10.06"]
[SourceVersion "1"]
[SourceVersionDate "2021.10.06"]
[SourceQuality "1"]

1. d4 Nf6 2. c4 c5 3. d5 e6 4. Nc3 exd5 5. cxd5 d6 6. e4 g6 7. Bd3 Bg7 8. h3 O-O 9. Nf3 b5 10. Bxb5 Nxe4 11. Nxe4 Qa5+ 12. Nfd2 Qxb5 13. Nxd6 Qa6 14. N2c4 Nd7 15. O-O Ne5 16. Nxe5 Bxe5 17. Nxc8 Raxc8 18. Re1 Qf6 19. Rb1 Bd4 20. Be3 Bxb2 21. d6 Bd4 22. Bxd4 cxd4 23. Rb4 Qxd6 24. Qxd4 Qxd4 25. Rxd4 Rfe8 26. Rxe8+ Rxe8 27. Ra4 Re7 28. h4 Kg7 29. Ra6 h5 30. Kh2 f6 31. f4 Kf7 32. Kg3 f5 33. Kf3 Kg7 34. Rc6 Kf7 35. a4 Kg7 36. a5 Kf7 37. a6 Kg7 38. g3 Kh6 39. Kf2 1/2-1/2

[Event "British Columbia-ch U20"]
[Site "Vancouver CAN"]
[Date "2011.11.12"]
[Round "3.3"]
[White "Lee, Andrew"]
[Black "Cheng, Jack"]
[Result "0-1"]
[WhiteElo "1639"]
[BlackElo "2009"]
[PlyCount "70"]
[GameId "2160767909573603"]
[EventDate "2011.11.12"]
[EventType "swiss"]
[EventRounds "5"]
[EventCountry "CAN"]
[SourceTitle "EXT 2022"]
[Source "ChessBase"]
[SourceDate "2021.10.06"]
[SourceVersion "1"]
[SourceVersionDate "2021.10.06"]
[SourceQuality "1"]

1. e4 e5 2. Nf3 Nc6 3. Bb5 a6 4. Ba4 Nf6 5. O-O b5 6. Bb3 Bb7 7. Re1 Bc5 8. h3 d6 9. c3 O-O 10. d3 h6 11. Nbd2 Bb6 12. Nf1 Na5 13. Bc2 c5 14. d4 cxd4 15. cxd4 Nc6 16. d5 Nd4 17. Nxd4 Bxd4 18. Ng3 Bc8 19. Qf3 Nh7 20. Nf5 Bxf5 21. Qxf5 Rc8 22. Bd3 Qa5 23. Re2 Rc7 24. Be3 Bxe3 25. Rxe3 Qd2 26. b3 Rfc8 27. a4 Rc1+ 28. Rxc1 Rxc1+ 29. Kh2 Qd1 30. axb5 Qh1+ 31. Kg3 Rg1 32. Kf3 Qxg2+ 33. Ke2 Qf1+ 34. Kd2 Qc1+ 35. Ke2 Qd1# 0-1

[Event "British Columbia-ch U20"]
[Site "Vancouver CAN"]
[Date "2011.11.12"]
[Round "3.4"]
[White "Hui, Jeremy"]
[Black "Herdin, Matthew"]
[Result "0-1"]
[WhiteElo "1848"]
[BlackElo "1746"]
[PlyCount "68"]
[GameId "2160767909573604"]
[EventDate "2011.11.12"]
[EventType "swiss"]
[EventRounds "5"]
[EventCountry "CAN"]
[SourceTitle "EXT 2022"]
[Source "ChessBase"]
[SourceDate "2021.10.06"]
[SourceVersion "1"]
[SourceVersionDate "2021.10.06"]
[SourceQuality "1"]

1. e4 d6 2. d4 Nf6 3. Nc3 g6 4. f3 Bg7 5. Be3 O-O 6. Qd2 e5 7. Nge2 Nc6 8. O-O-O b6 9. g4 Ba6 10. d5 Na5 11. b3 Qc8 12. Bh6 c5 13. h4 b5 14. Ng3 b4 15. Qg5 Ne8 16. Bxg7 Nxg7 17. h5 f6 18. Qe3 g5 19. h6 Ne8 20. Nf5 Rf7 21. Nb5 Rd7 22. Rh5 c4 23. Rxg5+ Kh8 24. Nbxd6 Nxd6 25. Nxd6 Rxd6 26. Rg7 cxb3 27. axb3 Bxf1 28. Rxf1 Qa6 29. Rg1 Nxb3+ 30. cxb3 Rc8+ 31. Kd2 Qa2+ 32. Ke1 Rc2 33. Kf1 Qa6+ 34. Ke1 Qa1+ 0-1

[Event "British Columbia-ch U20"]
[Site "Vancouver CAN"]
[Date "2011.11.12"]
[Round "3.5"]
[White "Doknjas, Joshua"]
[Black "Han, Lionel"]
[Result "1-0"]
[WhiteElo "1538"]
[BlackElo "1557"]
[PlyCount "47"]
[GameId "2160767909573605"]
[EventDate "2011.11.12"]
[EventType "swiss"]
[EventRounds "5"]
[EventCountry "CAN"]
[SourceTitle "EXT 2022"]
[Source "ChessBase"]
[SourceDate "2021.10.06"]
[SourceVersion "1"]
[SourceVersionDate "2021.10.06"]
[SourceQuality "1"]

1. e4 e5 2. Nf3 Nc6 3. d4 exd4 4. Nxd4 Nf6 5. Nc3 Bc5 6. Nxc6 bxc6 7. Bd3 O-O 8. O-O d5 9. exd5 cxd5 10. Bg5 c6 11. Ne2 Bg4 12. h3 Bc8 13. a3 Qd6 14. b4 Bb6 15. c4 Bc7 16. Ng3 Nd7 17. f4 f6 18. Bh4 g5 19. Bxh7+ Kxh7 20. Qh5+ Kg8 21. Nf5 Bb6+ 22. Kh1 Qc7 23. Qg6+ Kh8 24. Qg7# 1-0

[Event "British Columbia-ch U20"]
[Site "Vancouver CAN"]
[Date "2011.11.12"]
[Round "3.6"]
[White "Xiao, Alice"]
[Black "Pulfer, Luke"]
[Result "1-0"]
[WhiteElo "1777"]
[BlackElo "1429"]
[PlyCount "85"]
[GameId "2160767909573606"]
[EventDate "2011.11.12"]
[EventType "swiss"]
[EventRounds "5"]
[EventCountry "CAN"]
[SourceTitle "EXT 2022"]
[Source "ChessBase"]
[SourceDate "2021.10.06"]
[SourceVersion "1"]
[SourceVersionDate "2021.10.06"]
[SourceQuality "1"]

1. e4 e5 2. Nf3 Nc6 3. Bb5 a6 4. Ba4 Nf6 5. O-O b5 6. Bb3 d6 7. h3 Be7 8. c3 Na5 9. Bc2 c5 10. d4 Qc7 11. Qe2 O-O 12. b3 Nc6 13. Bb2 Rb8 14. Rd1 Bd7 15. a4 bxa4 16. dxc5 dxc5 17. Nbd2 Na5 18. c4 axb3 19. Bxe5 Qb6 20. Nxb3 Nxb3 21. Bxb3 Qxb3 22. Bxb8 Qxb8 23. e5 Re8 24. Qc2 Qb7 25. exf6 Bxf6 26. Rab1 Qc6 27. Qd2 Bxh3 28. Qf4 Be6 29. Rb8 h6 30. Rdb1 Kf8 31. R1b6 Qa4 32. Rxe8+ Kxe8 33. Qd6 Bd8 34. Rxa6 Qxc4 35. Ra8 Bd7 36. Qe5+ Qe6 37. Qxg7 Ke7 38. Qc3 Qd5 39. Ra1 Bc7 40. Qe3+ Be6 41. Qxh6 Qb3 42. Qg5+ Kd6 43. Ra6+ 1-0

[Event "British Columbia-ch U20"]
[Site "Vancouver CAN"]
[Date "2011.11.13"]
[Round "4.1"]
[White "Doknjas, John"]
[Black "Cao, Jason"]
[Result "1-0"]
[WhiteElo "2036"]
[BlackElo "2064"]
[PlyCount "49"]
[GameId "2160767909573607"]
[EventDate "2011.11.12"]
[EventType "swiss"]
[EventRounds "5"]
[EventCountry "CAN"]
[SourceTitle "EXT 2022"]
[Source "ChessBase"]
[SourceDate "2021.10.06"]
[SourceVersion "1"]
[SourceVersionDate "2021.10.06"]
[SourceQuality "1"]

1. d4 Nf6 2. c4 g6 3. Nc3 Bg7 4. e4 d6 5. f3 O-O 6. Be3 e5 7. d5 c6 8. Qd2 cxd5 9. cxd5 Nbd7 10. O-O-O a6 11. Kb1 b5 12. Rc1 Bb7 13. g4 Rc8 14. Nge2 Nb6 15. Ng3 Nc4 16. Bxc4 Rxc4 17. h4 Qa5 18. h5 Rfc8 19. Qh2 b4 20. Nce2 Nxd5 21. exd5 Bxd5 22. Rxc4 Bxc4 23. Nc1 g5 24. Nf5 e4 25. Ne7+ 1-0

[Event "British Columbia-ch U20"]
[Site "Vancouver CAN"]
[Date "2011.11.13"]
[Round "4.2"]
[White "Sohal, Tanraj"]
[Black "Cheng, Jack"]
[Result "0-1"]
[WhiteElo "2214"]
[BlackElo "2009"]
[PlyCount "124"]
[GameId "2160767909573608"]
[EventDate "2011.11.12"]
[EventType "swiss"]
[EventRounds "5"]
[EventCountry "CAN"]
[SourceTitle "EXT 2022"]
[Source "ChessBase"]
[SourceDate "2021.10.06"]
[SourceVersion "1"]
[SourceVersionDate "2021.10.06"]
[SourceQuality "1"]

1. d4 Nf6 2. c4 g6 3. Nc3 Bg7 4. e4 d6 5. Nf3 O-O 6. Be2 e5 7. dxe5 dxe5 8. Qxd8 Rxd8 9. Bg5 Re8 10. O-O-O Na6 11. Nd2 c6 12. Be3 Ng4 13. Bxg4 Bxg4 14. f3 Be6 15. a3 b6 16. b4 Rad8 17. Kc2 f5 18. Bg5 Rd7 19. exf5 gxf5 20. Rde1 h6 21. Bh4 Rd4 22. Bf2 Rd7 23. Bh4 Rd4 24. Bf2 Rd7 25. Re2 Nc7 26. Bh4 b5 27. cxb5 Nxb5 28. Nxb5 cxb5 29. Bf2 Red8 30. Bc5 Rd3 31. Nb1 Bb3+ 32. Kc1 e4 33. Rd2 h5 34. f4 a6 35. Re1 R8d5 36. Rxd3 exd3 37. Nd2 Bc4 38. Re8+ Kf7 39. Re7+ Kf6 40. Ra7 Kg6 41. Rxa6+ Kh7 42. Nf3 Rd8 43. Ra7 Kg8 44. Re7 Bc3 45. Nd2 Ra8 46. Ra7 Re8 47. Re7 Ra8 48. Ra7 Rxa7 49. Bxa7 Kf7 50. Be3 Ke6 51. Nf3 Kd5 52. Bd2 Bf6 53. Ng5 Bb3 54. Be3 Bc2 55. Nf3 Kc4 56. Ne5+ Kd5 57. Kd2 Ke4 58. Nd7 Bc3+ 59. Kxc3 Kxe3 60. Nf6 Ke2 61. Nxh5 d2 62. Ng3+ Ke1 0-1

[Event "British Columbia-ch U20"]
[Site "Vancouver CAN"]
[Date "2011.11.13"]
[Round "4.3"]
[White "Herdin, Matthew"]
[Black "Lo, Ryan"]
[Result "1/2-1/2"]
[WhiteElo "1746"]
[BlackElo "2018"]
[PlyCount "43"]
[GameId "2160767909573609"]
[EventDate "2011.11.12"]
[EventType "swiss"]
[EventRounds "5"]
[EventCountry "CAN"]
[SourceTitle "EXT 2022"]
[Source "ChessBase"]
[SourceDate "2021.10.06"]
[SourceVersion "1"]
[SourceVersionDate "2021.10.06"]
[SourceQuality "1"]

1. e4 c5 2. Nf3 e6 3. d4 cxd4 4. Nxd4 a6 5. c4 Nf6 6. Nc3 Qc7 7. a3 d6 8. Bd3 Nbd7 9. Qe2 Be7 10. Be3 b6 11. Rc1 Bb7 12. b4 Ne5 13. f3 Rc8 14. Na4 Nfd7 15. O-O O-O 16. Rfd1 Qb8 17. Nb3 Ba8 18. Nb2 Rc7 19. Rc2 Rfc8 20. Rdc1 h6 21. Qf2 Bc6 22. Bf1 1/2-1/2